000 01325nam a2200325 a 4500
001 ebr10591508
003 CaPaEBR
006 m u
007 cr cn|||||||||
008 121212s1974 gw s 000 0 lat d
020 _z3519012928
020 _z9783598712920
020 _z9783110959574 (e-book)
040 _aCaPaEBR
_cCaPaEBR
035 _a(OCoLC)823746643
041 0 _alat
_agrc
050 1 4 _aQA31
_b.D56 1974eb
100 0 _aDiophantus,
_cof Alexandria.
245 1 0 _aDiophanti Alexandrini opera omnia
_h[electronic resource] :
_bcum Graecis commentariis. Volumen I, Diophanti quae exstant omnia continens /
_cedidit et latine interpretatus est Paulus Tannery.
250 _aEditio stereotypa editionis anni MDCCCXCIII.
260 _aStutgardiae :
_bIn aedibus B.G. Teubneri,
_c1974.
300 _aix, 481 p.
533 _aElectronic reproduction.
_bPalo Alto, Calif. :
_cebrary,
_d2011.
_nAvailable via World Wide Web.
_nAccess may be limited to ebrary affiliated libraries.
650 0 _aMathematics, Greek.
650 0 _aArithmetic
_vEarly works to 1900.
655 7 _aElectronic books.
_2local
700 1 _aTannery, Paulus.
710 2 _aebrary, Inc.
856 4 0 _uhttp://site.ebrary.com/lib/rucke/Doc?id=10591508
_zAn electronic book accessible through the World Wide Web; click to view
999 _c210500
_d210500